00837nam a2200229 i 450000100060000000300090000600500170001500700030003200800410003508000160007610000290009224500990012126000310022030000220025149000460027365000400031970000330035983000540039285200220044699900170046895201220048597130ES-MaACL20250808081753.0t|050707s1973 sp ||||1| spa d a347.826(04)1 aMapelli, Enrique.97627013aEl apoderamiento ilícito de aeronaves / cEnrique Mapelli ; prólogo de Luis Tapia Salinas. aMadrid : bTecnos, c1973. a236 p. ; c22 cm.1 aBiblioteca Tecnos de estudios jurídicos 7aDerecho aeronáutico2embne9116481 aTapia Salinas, Luis.91092421 aBiblioteca Tecnos de estudios jurídicos9181636 aES-MaACLjC-53938 c97130d97130 00104070aATENEOMbATENEOMcDEPO2d2008-01-17eSCl0oC-53938p1101404r2023-02-23 00:00:00w2023-02-23yMONOGRAFIA